چاہے کے باغ / (Record no. 107023)

MARC details
000 -LEADER
fixed length control field 00772nam a22002537a 4500
005 - DATE AND TIME OF LATEST TRANSACTION
control field 20170123162320.0
010 ## - LIBRARY OF CONGRESS CONTROL NUMBER
LC control number 365387
020 ## - INTERNATIONAL STANDARD BOOK NUMBER
Terms of availability 00.00
035 ## - SYSTEM CONTROL NUMBER
System control number 365387
037 ## - SOURCE OF ACQUISITION
Source of stock number/acquisition Cen Lib/Ret
040 ## - CATALOGING SOURCE
Original cataloging agency DPL
Language of cataloging UR
082 ## - DEWEY DECIMAL CLASSIFICATION NUMBER
Classification number ن
Item number ق ر ت
100 ## - MAIN ENTRY--PERSONAL NAME
Personal name قررتول حیدر
9 (RLIN) 116682
245 ## - TITLE STATEMENT
Title چاہے کے باغ /
Statement of responsibility, etc قررتول حیدر
246 ## - VARYING FORM OF TITLE
Title proper/short title Chaye kle bagh /
Remainder of title by Qurutul aen Hedar
260 ## - PUBLICATION, DISTRIBUTION, ETC. (IMPRINT)
Place of publication, distribution, etc ممبئی
Name of publisher, distributor, etc حلقہ ادب
Date of publication, distribution, etc 1965
270 ## - ADDRESS
City ممبئی
Address ١٠، ستیا محل بومن جی پیٹت روڈ
300 ## - PHYSICAL DESCRIPTION
Extent 140p.
Dimensions 19cm(Hb)
650 ## - SUBJECT ADDED ENTRY--TOPICAL TERM
Topical term or geographic name as entry element اردو ادب
9 (RLIN) 116683
650 ## - SUBJECT ADDED ENTRY--TOPICAL TERM
Topical term or geographic name as entry element اردو ناول
9 (RLIN) 547
650 ## - SUBJECT ADDED ENTRY--TOPICAL TERM
Topical term or geographic name as entry element Urdu literature
9 (RLIN) 116684
650 ## - SUBJECT ADDED ENTRY--TOPICAL TERM
Topical term or geographic name as entry element Urdu novel
9 (RLIN) 116685
942 ## - ADDED ENTRY ELEMENTS (KOHA)
Source of classification or shelving scheme Dewey Decimal Classification
Koha item type Urdu Bks
Classification part ن
Call number suffix ق ر ت
Holdings
Withdrawn status Lost status Damaged status Not for loan Home library Current library Date acquired Source of acquisition Cost, normal purchase price Total Checkouts Full call number Barcode Date last seen Date checked out Copy number Cost, replacement price Price effective from Koha item type
        Central Library Central Library 01/01/2016 Cen Lib/Ret 0.00 1 ن ق ر ت 365387 13/05/2017 26/04/2017 1 0.00 01/01/2016 Urdu Bks

© Delhi Public Library
Hit Counter
free hit counter